000 00935nam a2200181Ia 4500
008 151202s9999||||xx |||||||||||||| ||und||
082 _bPNVM-122282
100 _a"संपा-कुळकर्णी रंगो गणेश,हळदीकर.प्रस्तावना डॉ.बाळकृष्ण कोल्हापुर."
245 _aःNAME?
260 _b"डी. एन्. मोघे,कोल्हापुर."
260 _c1937
300 _a302
600 _a"संपा-कुळकर्णी रंगो गणेश,हळदीकर.प्रस्तावना डॉ.बाळकृष्ण कोल्हापुर."
630 _aःNAME?
700 _a"संपा-कुळकर्णी रंगो गणेश,हळदीकर.प्रस्तावना डॉ.बाळकृष्ण कोल्हापुर."
730 _aःNAME?
942 _cBOOK
999 _c1352411
_d1352408